000 00923cam a2200253 a 4500
001 15346649
005 20241127164130.0
008 080627s2009 enka bf 001 0 eng
020 _a9780826488428 (hardback)
020 _a0826488420 (hardback)
020 _a9780826488435 (pbk.)
020 _a0826488439 (pbk.)
050 0 0 _aPR478.M6
_bM618 2009
082 0 0 _a820.9/112
_222
245 0 4 _aThe modernism handbook /
_cedited by Philip Tew and Alex Murray.
260 _aLondon ;
_aNew York :
_bContinuum,
_cc2009.
300 _axviii, 248 p. :
_bill. ;
_c24 cm.
650 0 _aEnglish literature
_y20th century
_xHistory and criticism
_vHandbooks, manuals, etc.
650 0 _aModernism (Literature)
_zGreat Britain
_vHandbooks, manuals, etc.
700 1 _aTew, Philip.
700 1 _aMurray, Alex,
_d1980-
856 4 1 _3Table of contents only
_uhttp://www.loc.gov/catdir/toc/ecip0822/2008028879.html
942 _2lcc
_cBK
_n0
999 _c1649
_d1649